Missing Word: Newscasters Quiz Stats

 Plays Quiz Updated Oct 19, 2012

Support Sporcle.
Go Orange.
Score 0/22 Timer 02:00
0 Plays Today
Hint Missing Word % Correct
_____ Couric Katie
92%
_____ CronkiteWalter
91.6%
_____ Brokaw Tom
90.8%
_____ Rather Dan
88.4%
_____ Walters Barbara
84.6%
_____ O'ReillyBill
80.4%
_____ ColbertStephen
80.3%
_____ Koppel Ted
78.1%
_____ Stewart Jon
77.2%
_____ SawyerDiane
76.9%
_____ StephanopoulosGeorge
76.6%
Hint Missing Word % Correct
_____ CooperAnderson
71.5%
_____ Jennings Peter
65.8%
_____ Vieira Meredith
65.5%
_____ Wallace Mike
60.5%
_____ Beck Glenn
60.5%
_____ Maddow Rachel
59.8%
_____ Williams Brian
57.9%
_____ Stahl Lesley
37%
_____ Gibson Charles
28.5%
_____ Bradley Ed
28.1%
_____ Shaw Bernard
21.2%

Today's Daily Dose

Word Ladder
ING Words

Get the Picture
Nearest Volcano

From the Vault

Alphabetical Foursomes

by BillyJoelRulez

When lists go alphabetical, you know it's serious.
Remove Ads.
Support Sporcle.
Get the best of Sporcle when you Go Orange. This ad-free experience offers more features, more stats, and more fun while also helping to support Sporcle. Thank you for becoming a member.

Show Comments

Extras

Top Quizzes Today


Score Distribution

Your Account Isn't Verified!

In order to create a playlist on Sporcle, you need to verify the email address you used during registration. Go to your Sporcle Settings to finish the process.

Report this User

Report this user for behavior that violates our Community Guidelines.

Details: